Bệnh tuyến trùng hại cây trồng
Đại cương về tuyến trùng hại cây trồng. Trình bày biện pháp phòng trừ tuyến trùng hại cây trồng. Giới thiệu bệnh tuyến trùng chủ yếu hại cây lương thực, cây thực phẩm, cây công nghiệp, cây ăn quả và cây hoa cảnh...
保存先:
| 第一著者: | |
|---|---|
| フォーマット: | 図書 |
| 言語: | Undetermined |
| 出版事項: |
Hà Nội
Nông nghiệp
2014
|
| 主題: | |
| タグ: |
タグ追加
タグなし, このレコードへの初めてのタグを付けませんか!
|
| Thư viện lưu trữ: | Trung tâm Học liệu Trường Đại học Cần Thơ |
|---|
| LEADER | 00929nam a2200205Ia 4500 | ||
|---|---|---|---|
| 001 | CTU_208806 | ||
| 008 | 210402s9999 xx 000 0 und d | ||
| 020 | |c 37000 | ||
| 082 | |a 632.7 | ||
| 082 | |b Ch312 | ||
| 100 | |a Nguyễn, Mạnh Chinh | ||
| 245 | 0 | |a Bệnh tuyến trùng hại cây trồng | |
| 245 | 0 | |c Nguyễn Mạnh Chinh, Nguyễn Mạnh Cường | |
| 260 | |a Hà Nội | ||
| 260 | |b Nông nghiệp | ||
| 260 | |c 2014 | ||
| 520 | |a Đại cương về tuyến trùng hại cây trồng. Trình bày biện pháp phòng trừ tuyến trùng hại cây trồng. Giới thiệu bệnh tuyến trùng chủ yếu hại cây lương thực, cây thực phẩm, cây công nghiệp, cây ăn quả và cây hoa cảnh | ||
| 650 | |a Plant diseases,Bệnh cây | ||
| 904 | |i Hải | ||
| 980 | |a Trung tâm Học liệu Trường Đại học Cần Thơ | ||